Central Library OPAC University of Rajshahi

Statistical inference / (Record no. 53046)

MARC details
000 -LEADER
fixed length control field 00819nam a2200265 a 4500
001 - CONTROL NUMBER
control field 53046
003 - CONTROL NUMBER IDENTIFIER
rucl marc code BD-RjUL
005 - DATE AND TIME OF LATEST TRANSACTION
control field 20211209075911.0
008 - FIXED-LENGTH DATA ELEMENTS--GENERAL INFORMATION
fixed length control field 161002r19751970enka b 001 0 eng u
020 ## - INTERNATIONAL STANDARD BOOK NUMBER
International Standard Book Number 0412138204
035 ## - SYSTEM CONTROL NUMBER
System control number (BD-RjUL)53166
040 ## - CATALOGING SOURCE
Original cataloging agency DLC
Transcribing agency DLC
Modifying agency m.c
-- BD-RjUL
Language of cataloging eng
041 ## - LANGUAGE CODE
Language code of text/sound track or separate title eng
082 ## - DEWEY DECIMAL CLASSIFICATION NUMBER
Edition number 23
Classification number 519.5
Author mark and year SIS 1975
100 1# - MAIN ENTRY--PERSONAL NAME
Personal name Silvey, S. D.
Fuller form of name (Samuel David)
9 (RLIN) 154459
245 10 - TITLE STATEMENT
Title Statistical inference /
Statement of responsibility, etc. S.D. Silvey.
250 ## - EDITION STATEMENT
Edition statement Repr. with corrections.
260 ## - PUBLICATION, DISTRIBUTION, ETC. (IMPRINT)
Place of publication, distribution, etc. London :
Name of publisher, distributor, etc. Chapman and Hall ;
Date of publication, distribution, etc. 1975.
300 ## - PHYSICAL DESCRIPTION
Pagination 191 p. :
Illustrations ill. ;
Size 21 cm.
490 ## - SERIES STATEMENT
Series statement Monographs on applied probability and statistics.
500 ## - GENERAL NOTE
General note Includes index.
650 #0 - SUBJECT ADDED ENTRY--TOPICAL TERM
Topical term or geographic name as entry element Mathematical statistics.
9 (RLIN) 158546
830 #0 - SERIES ADDED ENTRY--UNIFORM TITLE
Uniform title Monographs on applied probability and statistics.
942 ## - ADDED ENTRY ELEMENTS (KOHA)
Source of classification or shelving scheme Dewey Decimal Classification
Koha item type Books
Holdings
Lost status Source of classification or shelving scheme Damaged status Not for loan Collection code Permanent Location Current Location Shelving location Date acquired Source of acquisition Total Checkouts Full call number Date last seen Copy number Koha item type
  Dewey Decimal Classification     Non-fiction Central Library, University of Rajshahi Central Library, University of Rajshahi   13/09/2008 Gift   519.5 SIS 1975 02/10/2016 C-2 Books
  Dewey Decimal Classification   Not For Loan Non-fiction Central Library, University of Rajshahi Central Library, University of Rajshahi Reading Room 13/09/2008 Gift   519.5 SIS 1975 13/04/2017 C-1 Books